00477nmm a2200157Ia 4500008004100000020001800041041000800059100002700067245002600094264008400120300001800204650002200222856005100244942000700295999001700302251105s9999||||xx |||||||||||||||||und|| a9788498867022 aspa aGómez Garrido, Marta 0aEl beso del horizonte a[Madrid, España] :bVision Libros, c[Fecha de publicación no identificada] a184 páginas aSpanish narrative uhttps://public.digitaliapublishing.com/a/89189 cCF c92090d92090